| 000 | 01179nam a2200289 a 4500 | ||
|---|---|---|---|
| 001 | 000023077 | ||
| 005 | 20200930021955.0 | ||
| 008 | 101126k19992000mx 000 0 spa d | ||
| 020 | _a9688592536 | ||
| 020 | _a968859377x | ||
| 040 |
_aDO-SdBNP _bspa _cBNPHU |
||
| 041 | 1 | 7 |
_aspa _hfre _2Código de idiomas MARC |
| 082 |
_a194 _bC418i |
||
| 100 | 1 |
_aCerteau, Michel de. _d1925-1986 _947507 |
|
| 245 | 1 | 3 |
_aLa invención de lo cotidiano / _cMichel de Certeau ; edición revisada y presentada Luce Giard ; traducción Alejandro Pescador. |
| 260 |
_aMéxico, D. F. ; : _bUniversidad Iberoamericana. Departamento de Historia ; _bInstituto Tecnológico y de Estudios Superiores de Occidente, _c1999. |
||
| 300 |
_a2 v. ; _c23 cm. |
||
| 490 | 1 | _aEl oficio de la historia | |
| 534 |
_aL´invention du quotidien : Arts de faire. Habiter, cuisiner. _lEspañol |
||
| 505 | 0 |
_gv. 1. _tArtes de hacer -- _gv. 2. _rLuce Giard, Pierre Mayor. _tHabitar, cocinar. |
|
| 650 | 4 |
_aFilosofía francesa _947508 |
|
| 650 | 4 |
_aVida cotidiana _9814 |
|
| 700 | 1 |
_aGIard, Luce, _eed. _947509 |
|
| 700 | 1 |
_aPescador, Alejandro, _etr. _947510 |
|
| 830 | 0 |
_aEl oficio de la historia _947511 |
|
| 049 | _aBNGR | ||
| 999 |
_c22574 _d22574 |
||